000 01235cam a22003492a 4500
999 _c917
_d917
001 .b14202682
003 OSt
005 20191226142712.0
008 151025t20152004nyua c 000 f eng
020 _a9780062366993
_q(pbk.) :
040 _aKUAS
_beng
_cDIPPER
_erda
041 0 _aeng
042 _anbic
082 _aFIC HUN
100 1 _aHunter, Erin,
_eauthor.
245 1 0 _aRising storm /
_cErin Hunter.
250 _aRevised paperbak edition.
260 _aNew York, N.Y.
_bHarper,
_c2015.
300 _a315, 18 pages :
_billustrations ; map ;
_c20 cm.
440 _aWarriors ;
_nbk 4.
440 _aThe prophecies begin ;
_nbk 4.
500 _aFirst published : 2004.
500 _aIncludes excerpt from book 5 : A dangerous path.
520 _aFireheart, the warrior cat, faces many challenges in his new role of ThunderClan deputy as his apprentice, Cloudpaw, resists following the warrior code, Bluestar weakens, and Tigerclaw continues to haunt the forest seeking revenge.
521 _aAges 8-12.
650 0 _aCats
_xFiction.
650 0 _aCats
_xJuvenile fiction.
650 0 _aFeral cats
_xJuvenile fiction.
650 0 _aProphecies
_xJuvenile fiction.
655 7 _aFantasy fiction.
942 _2ddc
_cFIC